MARC

LEADER 00000nam0a2200000 4500
001 55789
005 20231031052750.0
035 |a (RuTPU)RU\TPU\book\58552 
090 |a 55789 
100 |a 20030922d1977 m y0rusy50 ca 
101 0 |a rus 
102 |a RU 
105 |a a j 001zy 
200 1 |a Электронные приборы  |e учебник для вузов  |f В. Н. Дулин 
205 |a 3-е изд., перераб. и доп. 
210 |a Москва  |c Энергия  |d 1977 
215 |a 423 с.  |c ил. 
320 |a Библиогр.: с. 417 
320 |a Алф. указ.: с. 418-420 
453 1 |0 (RuTPU)RU\TPU\book\375921  |t Электронные приборы  |l Electron devices  |f В. Н. Дулин  |g пер. с рус. А. Кузнецова  |c Москва  |n Мир  |d 1980  |p 424 с.  |a Дулин, Виктор Николаевич 
610 1 |a электроника 
610 1 |a электронные приборы 
610 1 |a учебники 
610 1 |a электровакуумные приборы 
610 1 |a лампы 
610 1 |a электронно-лучевые приборы 
610 1 |a ионные приборы 
675 |a 621.38(075.8)  |v 3 
700 1 |a Дулин  |b В. Н.  |g Виктор Николаевич 
801 1 |a RU  |b 63413507  |c 20030922  |g PSBO 
801 2 |a RU  |b 63413507  |c 20210902  |g PSBO 
942 |c BK